书目信息 |
| 书名: | Understanding the political world | |
| 作者: | James N. Danziger. | |
| 分册号: | ||
| 分册名: | 出版地: | New York : |
|
| 出版社: | Addison Wesley Longman | |
| 出版时间: | c2001. | |
| 页数: | xxi, 487 p. : | |
| 开本: | 24 cm. | |
| 丛书名: | ||
| 中图分类号: | ||
| 科图分类号: | ||
| 其他分类号: | D0 | |
| 主题词: | ||
| 电子资源: | ||
| 000 | 01121cam a22002894a 450 | |
| 001 | E073432828 | |
| 005 | 20070517005906.82 | |
| 008 | 000517s2001 nyuab b 001 0 eng | |
| 010 | @a00041209 | |
| 020 | @a0801332966. | |
| 040 | @aDLC@cDLC@dDLC | |
| 042 | @apcc | |
| 050 | 00 | @aJA66@b.D36 2001 |
| 082 | 00 | @a320@2 21 |
| 090 | @aD0 | |
| 099 | @dD0@ex38=5 | |
| 100 | 1 | @aDanziger, James N. |
| 245 | 10 | @aUnderstanding the political world :@ba comparative introduction to political science / @cJames N. Danziger. |
| 250 | @a5th ed. | |
| 260 | @aNew York :@bAddison Wesley Longman,@cc2001. | |
| 300 | @axxi, 487 p. :@bill., maps ;@c24 cm. | |
| 504 | @aIncludes bibliographical references (p. [464]-481) and index. | |
| 650 | 0 | @aComparative government |
| 650 | 0 | @aPolitical science. |
| 906 | @a7@bcbc@corignew@d1@eocip@f20@gy-gencatlg | |
| 925 | 0 | @aacquire@b1 shelf copy@xpolicy default |
| 955 | @ato SSCD pc25 05-17-00; sd21 to subj. 05-18-00; sd15 05-22-00; SD77 05-22-00 to DEWEY; aa19 05-22-2000@aps10 2004-01-07 1 copy rec’d., to CIP ver.@asf00 2004-02-04@fsf03 2004-03-17@gsf15 2004-03-17 to BCCD | |
| Understanding the political world : : a comparative introduction to political science / / James N. Danziger.-5th ed.-New York : : Addison Wesley Longman, , c2001. |
| xxi, 487 p. : : ill., maps ; ; 24 cm. |
| Includes bibliographical references (p. [464]-481) and index. |
| ISBN 0801332966. |
| ● |
| 相关链接 |
|
|
|
|
正题名:Understanding the political world
索取号:D0/x38=5
 
预约/预借
| 序号 | 登录号 | 条形码 | 馆藏地/架位号 | 状态 | 备注 |
| 1 | 10194 | 300101949 | 第二样本阅览室/ [索取号:D0/x38=5] | 在馆 | |
| 2 | 10195 | 300101958 | 密集书库/ [索取号:D0/x38=5] | 在馆 | |
| 3 | 10196 | 300101967 | 密集书库/ [索取号:D0/x38=5] | 在馆 | |
| 4 | 10197 | 300101976 | 密集书库/ [索取号:D0/x38=5] | 在馆 | |
| 5 | 10198 | 300101985 | 密集书库/ [索取号:D0/x38=5] | 在馆 | |
| 6 | 10199 | 300101994 | 密集书库/ [索取号:D0/x38=5] | 在馆 | |
| 7 | 10200 | 300102001 | 密集书库/ [索取号:D0/x38=5] | 在馆 | |
| 8 | 10201 | 300102010 | 密集书库/ [索取号:D0/x38=5] | 在馆 | |
| 9 | 10202 | 300102029 | 第四借阅区/ [索取号:D0/x38=5] | 在馆 | |
| 10 | 10203 | 300102038 | 第四借阅区/ [索取号:D0/x38=5] | 在馆 |